000 00616nam a22001817a 4500
999 _c194976
_d194976
005 20230206110743.0
010 _aENG-136123
020 _c105.00
035 _aEN-119655
037 _bDBAD/PUB
082 _a954.008270
100 _aChapra, M. Umer
245 _aMuslim Civilization:
_bThe Causes of Decline and The Need for Reform/
_cM. Umer Chapra
260 _aNew Delhi
_bMarkazi Maktaba Islami Publishers
_c2011
270 _aD-307, Dawat Nagar, Abul Fazl Enclave, Jamia Nagar, Okhla
_bNew Delhi
_e110025
300 _axxii, 225p.
_bIndex
_c22cm(pbk)
942 _2ddc
_cEN
_h954.008270
_mCHA